Statistics for All Countries That Do Not Contain A-20 Group!

Click here to take the quiz!

General Stats

  • This quiz has been taken 34 times
  • The average score is 17 of 20

Answer Stats

HintAnswer% Correct
B__g__mBelgium
100%
___izeBelize
100%
_en_nBenin
100%
Br__n__Brunei
100%
_u___diBurundi
100%
_hi_eChile
100%
C__o__sComoros
100%
C__e_h __p___icCzech Republic
100%
Dji_____Djibouti
100%
E_y_tEgypt
100%
_ijiFiji
100%
G_ee__Greece
100%
K_s_v_Kosovo
100%
L_x____u__Luxembourg
100%
M_x__oMexico
100%
_o___n_g__Montenegro
100%
M___cc_Morocco
100%
Ni__rNiger
100%
Pe_uPeru
100%
R_p____c _f T__ C__g_Republic Of The Congo
100%
S__ch_____Seychelles
100%
Sw___nSweden
100%
T_goTogo
100%
_urk__Turkey
100%
Uni___ K__gd__United Kingdom
100%
Ye_e_Yemen
100%
_yp_u_Cyprus
67%
___l__p_n__Philippines
67%
_es__h_Lesotho
50%
_i___t___e__Liechtenstein
40%

Score Distribution

Percentile by Number Answered

Percent of People with Each Score

Your Score History

You have not taken this quiz